00628nam a2200169 i 450000100060000000300090000600500170001500700030003200800410003510000520007624500940012826000390022230000220026185200320028399900170031595201260033240735ES-MaACL20251011063058.0t|030306s1961 sp ||||1| spa d1 aCarreras y Artau, Joaquín, d1894-196893568610aCurso de filosofía para sexto curso de bachillerato / cpor Joaquín Carreras y Artau. aBarcelona : bAlma Mater, c[1961] a328 p. ; c25 cm. aES-MaACLjC-21303 bR.49643 c40735d40735 00104070aATENEOMbATENEOMcGaleríad2008-01-17eSCl0oC-21303p1042884r2023-02-23 00:00:00w2023-02-23yMONOGRAFIA